Normal view
MARC view
- FREGER, GARRY
Entry Personal Name
001 - CONTROL NUMBER
- control field: 91181
003 - CONTROL NUMBER IDENTIFIER
- control field: NUST
005 - DATE AND TIME OF LATEST TRANSACTION
- control field: 20220422115605.0
008 - FIXED-LENGTH DATA ELEMENTS
- fixed length control field: 220422|| aca||aabn | a|a d
040 ## - CATALOGING SOURCE
- Original cataloging agency: NUST
- Transcribing agency: NUST
100 ## - HEADING--PERSONAL NAME
- Personal name: FREGER, GARRY
670 ## - SOURCE DATA FOUND
- Source citation: Work cat.: (NUST): FREGER, GARRY., BRAIDING PULTRUSION TECHNOLOGY /, 2005.
